Detalles MARC
| 000 -LEADER |
| campo de control de longitud fija |
02755cam a22004094i 4500 |
| 003 - IDENTIFICADOR DE NÚMERO DE CONTROL |
| campo de control |
PE-LiUPU |
| 005 - FECHA Y HORA DE LA ÚLTIMA TRANSACCIÓN |
| campo de control |
20250731183429.0 |
| 008 - DATOS DE LONGITUD FIJA--INFORMACIÓN GENERAL |
| campo de control de longitud fija |
150706s r 000 0 d |
| 035 ## - NÚMERO DE CONTROL DEL SISTEMA |
| Número de control de sistema |
(Sirsi) a50272 |
| 040 ## - FUENTE DE CATALOGACIÓN |
| Centro catalogador/agencia de origen |
PE-LiUPU |
| Lengua de catalogación |
spa |
| Centro/agencia transcriptor |
PE-LiUPU |
| Normas de descripción |
rda |
| 049 ## - FONDOS LOCALES (OCLC) |
| Biblioteca depositaria |
PRUA |
| 082 04 - NÚMERO DE LA CLASIFICACIÓN DECIMAL DEWEY |
| Número de clasificación |
720.986105 |
| Cutter |
E78 |
| Número de edición |
21 |
| 245 01 - MENCIÓN DEL TÍTULO |
| Título |
Ciudades satélite / |
| Mención de responsabilidad, etc. |
Sociedad Bolivariana de Arquitectos. |
| 264 #1 - PRODUCCIÓN, PUBLICACIÓN, DISTRIBUCIÓN, FABRICACIÓN Y COPYRIGHT |
| Producción, publicación, distribución, fabricación y copyright |
Bogotá : |
| Nombre del de productor, editor, distribuidor, fabricante |
Sociedad Bolivariana de Arquitectos, |
| Fecha de producción, publicación, distribución, fabricación o copyright |
[1987]. |
| 300 ## - DESCRIPCIÓN FÍSICA |
| Extensión |
pag. varia : |
| Otras características físicas |
ilustraciones ; |
| Dimensiones |
34 cm. |
| 336 ## - TIPO DE CONTENIDO |
| Término de tipo de contenido |
text |
| Fuente |
rdacontent |
| 337 ## - TIPO DE MEDIO |
| Nombre/término del tipo de medio |
unmediated |
| Fuente |
rdamedia |
| 338 ## - TIPO DE SOPORTE |
| Nombre/término del tipo de soporte |
volume |
| Fuente |
rdacarrier |
| 490 0# - MENCIÓN DE SERIE |
| Mención de serie |
Paquetes temáticos ; |
| Designación de volumen o secuencia |
20 |
| 500 ## - NOTA GENERAL |
| Nota general |
ISSN: 0120-6702 |
| 500 ## - NOTA GENERAL |
| Nota general |
La Revista Escala publica monografías títuladas como : "Paquetes temáticos" cubre temas especificos, recopilados de los artículos publicados en la misma revista. |
| 505 0# - NOTA DE CONTENIDO CON FORMATO |
| Nota de contenido con formato |
Antecendentes históricos -- Bucaramanga, "ciudad de los parques" -- Ejemplos de planeación urbanística y arquitectónica -- Conclusiones de una investigación -- Coser la ciudad -- "Ciudadela real de minas" -- Guía de diseño para la plaza central y la calle real de la ciudadela real de minas -- Unidades de diseño 1 y 2 - Proyecto arquitectónico -- Unidades de diseño 3, 4, 5 y 22. Proyecto arquitectónico -- Exposición internacional de arquitectura y hábitat (IBA) - Berlín -- En Berlín -- Berlín -- Berlín: barrio kreuzberg: paso a paso -- Los nuevos asentamientos urbanos -- París: ciudad nueva de Saint Quentin - en Yvelines -- París: ciudad nueva de Marne - la - Vallee -- París: ciudad nueva de Cergy Pontoise -- Proyectos en Latinoamérica -- Colombia -- Proyectos del mundo -- Alemania -- España -- Francia -- Holanda -- U.S.A -- La ciudad no es un árbol -- Espacio arquitectónico - espacio urbano -- Diálogos con escala -- Ejemplos notables de arquitectura - Bógot 1980 -- La ciudad en la literatura -- A propósito de revistas de arquitectura -- Las revistas profesionales y la historia de la arquitectura en Colombia -- Diseño industrial -- Iluminación. |
| 526 ## - NOTA DE INFORMACIÓN SOBRE EL PROGRAMA DE ESTUDIO |
| Nombre del programa |
Maestría Bim Facility Management (A distancia) |
| 526 ## - NOTA DE INFORMACIÓN SOBRE EL PROGRAMA DE ESTUDIO |
| Nombre del programa |
|
| 526 ## - NOTA DE INFORMACIÓN SOBRE EL PROGRAMA DE ESTUDIO |
| Nombre del programa |
Educación musical y artes |
| 526 ## - NOTA DE INFORMACIÓN SOBRE EL PROGRAMA DE ESTUDIO |
| Nombre del programa |
Educación, especialidad educación física |
| 526 ## - NOTA DE INFORMACIÓN SOBRE EL PROGRAMA DE ESTUDIO |
| Nombre del programa |
Arquitectura |
| 650 04 - PUNTO DE ACCESO ADICIONAL DE MATERIA--TÉRMINO DE MATERIA |
| Término de materia o nombre geográfico como elemento de entrada |
Arquitectura colombiana |
| Subdivisión de forma |
Publicaciones seriadas. |
| 650 04 - PUNTO DE ACCESO ADICIONAL DE MATERIA--TÉRMINO DE MATERIA |
| Término de materia o nombre geográfico como elemento de entrada |
Arquitectura |
| Subdivisión general |
Diseños y planos |
| Subdivisión de forma |
Publicaciones seriadas. |
| 650 04 - PUNTO DE ACCESO ADICIONAL DE MATERIA--TÉRMINO DE MATERIA |
| Término de materia o nombre geográfico como elemento de entrada |
Arte colombiano |
| Subdivisión general |
Siglo XX |
| Subdivisión de forma |
Publicaciones seriadas. |
| 650 04 - PUNTO DE ACCESO ADICIONAL DE MATERIA--TÉRMINO DE MATERIA |
| Término de materia o nombre geográfico como elemento de entrada |
Ingeniería |
| Subdivisión geográfica |
Colombia |
| Subdivisión de forma |
Publicaciones seriadas. |
| 910 ## - DATOS DE OPCIÓN DEL USUARIO (OCLC) |
| Datos de opción del usuario |
gl |
| 942 ## - ELEMENTOS DE ENTRADA SECUNDARIOS (KOHA) |
| Fuente del sistema de clasificación o colocación |
Clasificación Decimal Dewey |
| Tipo de ítem Koha |
|
| 949 ## - PROCESAMIENTO DE INFORMACIÓN LOCAL (OCLC) |
| a |
720.986105 E78 20 |
| w |
DEWEY |
| c |
1 |
| i |
63801 |
| l |
CCODEBUL1 |
| m |
BUL |
| p |
43.00 |
| r |
0 |
| s |
Y |
| t |
LIBRO |
| u |
2015-07-06 |
| x |
INGENIERIA |
| o |
.STAFF. Colección General |
| 980 ## - EQUIVALENCIA O REFERENCIA-CRUZADA-MENCIÓN DE SERIE--NOMBRE DE PERSONA/TÍTULO [LOCAL, CANADÁ] |
| ID del último usuario que modificó el registro |
1 |
| Nombre del último usuario que modificó el registro |
ALBERTO SANCHEZ Responsable de Automatización |